000 00458nam a22001817a 4500
003 MPLRDC
005 20220105061056.0
008 210129b ||||| |||| 00| 0 eng d
020 _a978-7-80142-846-2
082 _a121.2 CLX
100 _a蔡礼旭 讲述
245 _a细讲弟子规
_c常永富 责任编辑
250 _a初版
260 _a中国
_b华艺出版社
_c2007
300 _b
650 _a儒家;儒学
942 _cBK
_o121.2 CLX
999 _c68446
_d68436